000 00214nam a2200097Ia 4500
008 170619s9999 xx 000 0 und d
100 _aKraus J D
245 0 _aElectromagnetics
260 _bNew Delhi: TMH
260 _c1999
546 _aENGLISH
999 _c16389
_d16389